[Event "Titled Tuesday intern op 29th Mar Late"]
[Site "Chess.com INT"]
[Date "2022.03.29"]
[Round "3"]
[White "Kozina, Anastasia"]
[Black "Hnydiuk, Aleksander"]
[Result "0-1"]
[WhiteElo "2117"]
[BlackElo "2394"]
[PlyCount "60"]
[EventDate "2022.03.29"]
[EventType "swiss (blitz)"]
[EventRounds "11"]
[EventCountry "USA"]
[SourceTitle "CBM 207 Extra"]
[Source "ChessBase"]
[SourceDate "2022.05.31"]
[SourceVersion "1"]
[SourceVersionDate "2022.05.31"]
[SourceQuality "1"]

1. e4 Nf6 2. e5 Nd5 3. d4 d6 4. Nf3 dxe5 5. dxe5 Bg4 6. Be2 Nc6 7. 0-0 e6 8. Re1 Bc5 9. a3 a5 10. b3 0-0 11. Bb2 Qe7 12. Nbd2 Rad8 13. Bd3 Nf4 14. Ne4 Bb6 15. Qd2 Nxd3 16. cxd3 Bxf3 17. gxf3 Qh4 18. Ng3 Rd5 19. Re4 Qh3 20. Rg4 h6 21. Ne4 Kh8 22. Rg3 Qf5 23. Nf6 Rxd3 24. Qc1 Rxf3 25. Rxf3 Qxf3 26. Qc2 gxf6 27. exf6 Rg8+ 28. Kf1 Qg2+ 29. Ke1 Qg1+ 30. Ke2 Qxf2+ 0-1

[Event "Titled Tuesday intern op 29th Mar Late"]
[Site "Chess.com INT"]
[Date "2022.03.29"]
[Round "5"]
[White "Kozina, Anastasia"]
[Black "Tsukerman, Julia"]
[Result "0-1"]
[WhiteElo "2117"]
[BlackElo "1523"]
[PlyCount "68"]
[EventDate "2022.03.29"]
[EventType "swiss (blitz)"]
[EventRounds "11"]
[EventCountry "USA"]
[SourceTitle "CBM 207 Extra"]
[Source "ChessBase"]
[SourceDate "2022.05.31"]
[SourceVersion "1"]
[SourceVersionDate "2022.05.31"]
[SourceQuality "1"]

1. e4 c5 2. b3 Nc6 3. Bb2 d6 4. c4 e6 5. Nc3 Nf6 6. g3 Be7 7. Bg2 0-0 8. f4 a6 9. d3 Qc7 10. Nf3 b6 11. 0-0 Bb7 12. Kh1 Rad8 13. Qe1 Rfe8 14. Rd1 d5 15. exd5 exd5 16. Nxd5 Nxd5 17. cxd5 Rxd5 18. Ng5 Rdd8 19. Ne4 Nd4 20. Rc1 Qb8 21. Qc3 f6 22. Qc4+ Kh8 23. Qf7 Bd5 24. Qh5 Qb7 25. Rfe1 Bf8 26. h3 Qf7 27. Qh4 Nf5 28. Qg4 Nd6 29. Kh2 Ba8 30. Qh4 Nxe4 31. dxe4 Rd2 32. Bc3 Rxa2 33. Qg4 Bxe4 34. Ra1 Rxg2+ 0-1

[Event "Titled Tuesday intern op 29th Mar Late"]
[Site "Chess.com INT"]
[Date "2022.03.29"]
[Round "4"]
[White "Maranhao, Jose Renato Ruiz"]
[Black "Kozina, Anastasia"]
[Result "1-0"]
[WhiteElo "1923"]
[BlackElo "2117"]
[PlyCount "77"]
[EventDate "2022.03.29"]
[EventType "swiss (blitz)"]
[EventRounds "11"]
[EventCountry "USA"]
[SourceTitle "CBM 207 Extra"]
[Source "ChessBase"]
[SourceDate "2022.05.31"]
[SourceVersion "1"]
[SourceVersionDate "2022.05.31"]
[SourceQuality "1"]

1. e4 e6 2. d4 d5 3. Nc3 Nf6 4. e5 Nfd7 5. f4 c5 6. Nf3 Nc6 7. Be3 a6 8. g3 b5 9. Ne2 Qb6 10. c3 b4 11. Bg2 a5 12. 0-0 Ba6 13. Rf2 a4 14. Qxa4 Be7 15. Qb3 0-0 16. a3 Na5 17. Qd1 Nc4 18. Bc1 cxd4 19. cxb4 d3 20. Ned4 d2 21. Bxd2 Nxb2 22. Qb3 Nc4 23. Be3 Nxe3 24. Qxe3 Bc4 25. Bf1 Bxb4 26. Bxc4 dxc4 27. Rb2 Rfb8 28. Rxb4 Qxb4 29. axb4 Rxa1+ 30. Kg2 Ra2+ 31. Kh3 Rxb4 32. Qc3 Rab2 33. Nc6 R4b3 34. Qd4 h6 35. Qxd7 Rxf3 36. Qe8+ Kh7 37. Ne7 h5 38. Qg8+ Kh6 39. Qh8# 1-0

[Event "Titled Tuesday intern op 29th Mar Late"]
[Site "Chess.com INT"]
[Date "2022.03.29"]
[Round "9"]
[White "Prohorov, Olexandr"]
[Black "Kozina, Anastasia"]
[Result "1-0"]
[WhiteElo "2086"]
[BlackElo "2117"]
[PlyCount "35"]
[EventDate "2022.03.29"]
[EventType "swiss (blitz)"]
[EventRounds "11"]
[EventCountry "USA"]
[SourceTitle "CBM 207 Extra"]
[Source "ChessBase"]
[SourceDate "2022.05.31"]
[SourceVersion "1"]
[SourceVersionDate "2022.05.31"]
[SourceQuality "1"]

1. e4 a6 2. d4 b5 3. Bd3 Bb7 4. Nf3 g6 5. 0-0 Bg7 6. Re1 d6 7. c4 bxc4 8. Bxc4 Nf6 9. Bxf7+ Kxf7 10. Qb3+ Kf8 11. Qxb7 Nbd7 12. Ng5 Ke8 13. Qb3 Rf8 14. Ne6 Qc8 15. Nxg7+ Kd8 16. Ne6+ Ke8 17. Nxf8 Kxf8 18. e5 1-0

[Event "Titled Tuesday intern op 08th Mar Late"]
[Site "Chess.com INT"]
[Date "2022.03.08"]
[Round "10"]
[White "Elissalt Cardenas, Hector"]
[Black "Kozina, Anastasia"]
[Result "1-0"]
[WhiteElo "2290"]
[BlackElo "2117"]
[PlyCount "81"]
[EventDate "2022.03.08"]
[EventType "swiss (blitz)"]
[EventRounds "11"]
[EventCountry "USA"]
[SourceTitle "CBM 207 Extra"]
[Source "ChessBase"]
[SourceDate "2022.05.31"]
[SourceVersion "1"]
[SourceVersionDate "2022.05.31"]
[SourceQuality "1"]

1. d4 e6 2. c4 Nf6 3. Nc3 Bb4 4. e3 0-0 5. Bd3 b6 6. Nge2 Bb7 7. 0-0 d5 8. cxd5 exd5 9. Bd2 Nbd7 10. Rc1 a6 11. f3 Re8 12. Ng3 Nf8 13. a3 Bd6 14. Nf5 c5 15. Nxd6 Qxd6 16. Ne2 Ne6 17. Be1 c4 18. Bc2 Nf8 19. Qd2 Qe6 20. Bf2 a5 21. Nc3 Ba6 22. e4 b5 23. exd5 Nxd5 24. Nxd5 Qxd5 25. Be4 Rxe4 26. fxe4 Qxe4 27. Rce1 Qd5 28. Re5 Qc6 29. d5 Qd6 30. Bg3 Qb6+ 31. Kh1 Ng6 32. Re4 Bb7 33. Rfe1 h6 34. Re8+ Rxe8 35. Rxe8+ Kh7 36. d6 Bc6 37. d7 Bxd7 38. Qxd7 Qf6 39. h3 Qxb2 40. Qxf7 Qxa3 41. Qg8# 1-0

[Event "Titled Tuesday intern op 08th Mar Late"]
[Site "Chess.com INT"]
[Date "2022.03.08"]
[Round "5"]
[White "Kozina, Anastasia"]
[Black "Warakomska, Anna"]
[Result "1-0"]
[WhiteElo "2117"]
[BlackElo "2257"]
[PlyCount "75"]
[EventDate "2022.03.08"]
[EventType "swiss (blitz)"]
[EventRounds "11"]
[EventCountry "USA"]
[SourceTitle "CBM 207 Extra"]
[Source "ChessBase"]
[SourceDate "2022.05.31"]
[SourceVersion "1"]
[SourceVersionDate "2022.05.31"]
[SourceQuality "1"]

1. e4 c5 2. Nc3 e6 3. g3 d5 4. Bg2 d4 5. Nce2 d3 6. cxd3 Nc6 7. Nf4 Nf6 8. Nf3 Bd6 9. Qe2 Bxf4 10. gxf4 Nb4 11. 0-0 Qxd3 12. Qe3 Nxe4 13. Ne5 Qxe3 14. fxe3 Nf6 15. d4 cxd4 16. exd4 Nc2 17. Rb1 Nxd4 18. Be3 Nf5 19. Bc5 Nd7 20. Nxd7 Bxd7 21. Bxb7 Rb8 22. Be4 a6 23. b4 Ne7 24. Rfd1 Ba4 25. Rd6 Rd8 26. Rxa6 f6 27. Rxa4 f5 28. Bg2 Nd5 29. Ra7 Ne3 30. Bxe3 0-0 31. b5 Kh8 32. b6 Rd3 33. Bf2 Rdd8 34. b7 Rb8 35. Bd4 Kg8 36. Be5 g6 37. Bxb8 Rxb8 38. Ra8 1-0

[Event "Titled Tuesday intern op 08th Mar Late"]
[Site "Chess.com INT"]
[Date "2022.03.08"]
[Round "2"]
[White "Ljukin, Sergei"]
[Black "Kozina, Anastasia"]
[Result "0-1"]
[WhiteElo "2362"]
[BlackElo "2117"]
[PlyCount "54"]
[EventDate "2022.03.08"]
[EventType "swiss (blitz)"]
[EventRounds "11"]
[EventCountry "USA"]
[SourceTitle "CBM 207 Extra"]
[Source "ChessBase"]
[SourceDate "2022.05.31"]
[SourceVersion "1"]
[SourceVersionDate "2022.05.31"]
[SourceQuality "1"]

1. e4 e6 2. d4 d5 3. Nc3 Nf6 4. Bg5 Be7 5. e5 Nfd7 6. h4 a6 7. Qg4 c5 8. Bxe7 Qxe7 9. Qxg7 Rf8 10. Nf3 Nc6 11. dxc5 Qxc5 12. 0-0-0 b5 13. Bd3 Nb4 14. Bxh7 Nb6 15. Nd4 Bd7 16. Bd3 Qxd4 17. h5 Nxd3+ 18. Rxd3 Qf4+ 19. Kb1 Nc4 20. Re1 Qxf2 21. Re2 Qf1+ 22. Rd1 Qf4 23. h6 b4 24. h7 0-0-0 25. b3 Na3+ 26. Kb2 bxc3+ 27. Kxa3 a5 0-1

[Event "Titled Tuesday intern op 25th Jan"]
[Site "Chess.com INT"]
[Date "2022.01.25"]
[Round "5"]
[White "Chernyavsky, Alexander"]
[Black "Kozina, Anastasia"]
[Result "0-1"]
[WhiteElo "2327"]
[BlackElo "2117"]
[PlyCount "68"]
[EventDate "2022.01.25"]
[EventType "swiss (blitz)"]
[EventRounds "11"]
[EventCountry "USA"]
[SourceTitle "CBM 206 Extra"]
[Source "ChessBase"]
[SourceDate "2022.03.31"]
[SourceVersion "1"]
[SourceVersionDate "2022.03.31"]
[SourceQuality "1"]

1. d4 e6 2. c4 Nf6 3. Nc3 Bb4 4. e3 0-0 5. Nge2 Re8 6. a3 Bf8 7. Rg1 d6 8. g4 e5 9. g5 Nfd7 10. d5 a5 11. Ng3 Nc5 12. Nge4 Nba6 13. b4 axb4 14. axb4 Nxe4 15. Nxe4 Bf5 16. Ng3 Bg6 17. Bd2 c6 18. h4 f6 19. h5 Bf7 20. g6 hxg6 21. hxg6 Bxg6 22. Qg4 Bh7 23. Rd1 c5 24. Nh5 Qe7 25. e4 Nxb4 26. Bh6 g6 27. Bxf8 Rxf8 28. Ng3 Nc2+ 29. Ke2 Nd4+ 30. Rxd4 exd4 31. Nf5 Qe5 32. Nh6+ Kg7 33. Nf5+ Kf7 34. Rh1 Rh8 0-1

[Event "Titled Tuesday intern op 25th Jan"]
[Site "Chess.com INT"]
[Date "2022.01.25"]
[Round "1"]
[White "Kozina, Anastasia"]
[Black "Nazaretyan, Tigran"]
[Result "0-1"]
[WhiteElo "2117"]
[BlackElo "2316"]
[PlyCount "64"]
[EventDate "2022.01.25"]
[EventType "swiss (blitz)"]
[EventRounds "11"]
[EventCountry "USA"]
[SourceTitle "CBM 206 Extra"]
[Source "ChessBase"]
[SourceDate "2022.03.31"]
[SourceVersion "1"]
[SourceVersionDate "2022.03.31"]
[SourceQuality "1"]

1. e4 c5 2. Nf3 Nc6 3. Bb5 g6 4. c3 Nf6 5. e5 Nd5 6. 0-0 Bg7 7. d4 cxd4 8. cxd4 0-0 9. Nc3 Nc7 10. Bd3 d6 11. Qe2 Bg4 12. exd6 Qxd6 13. Ne4 Nxd4 14. Qe3 Qb6 15. Nxd4 Bxd4 16. Qg3 Bf5 17. Bg5 Rfe8 18. Rad1 Rad8 19. Bf4 Ne6 20. Bh6 Qxb2 21. Rd2 Qb6 22. Rb1 Qc6 23. Rc2 Qd7 24. h3 Rc8 25. Bb5 Qd5 26. Bxe8 Rxc2 27. Ng5 Bxf2+ 28. Kh1 Bxg3 29. Bxf7+ Kh8 30. Nf3 Bxh3 31. Re1 Bxg2+ 32. Kg1 Qxf3 0-1

[Event "Titled Tuesday intern op 25th Jan"]
[Site "Chess.com INT"]
[Date "2022.01.25"]
[Round "10"]
[White "Kozina, Anastasia"]
[Black "Vetokhin, Ilia"]
[Result "0-1"]
[WhiteElo "2117"]
[BlackElo "2305"]
[PlyCount "84"]
[EventDate "2022.01.25"]
[EventType "swiss (blitz)"]
[EventRounds "11"]
[EventCountry "USA"]
[SourceTitle "CBM 206 Extra"]
[Source "ChessBase"]
[SourceDate "2022.03.31"]
[SourceVersion "1"]
[SourceVersionDate "2022.03.31"]
[SourceQuality "1"]

1. e4 c5 2. Nf3 Nc6 3. Bb5 Nf6 4. d3 Qa5+ 5. Nc3 Nd4 6. Bc4 b5 7. Bd5 Nxd5 8. exd5 b4 9. Ne4 b3+ 10. Bd2 bxc2 11. Bxa5 cxd1Q+ 12. Rxd1 Nxf3+ 13. gxf3 d6 14. Kd2 g6 15. Rhe1 Bh6+ 16. Kc2 0-0 17. Nc3 Re8 18. Nb5 Bf5 19. Nc7 c4 20. Nxa8 cxd3+ 21. Kb3 Rb8+ 22. Ka3 Rxa8 23. Rxe7 Bg5 24. Rb7 Bf4 25. h4 h5 26. Bc3 Bc8 27. Rc7 Bf5 28. Bf6 Kf8 29. Be7+ Ke8 30. Bf6 Kf8 31. Rc4 Bh6 32. f4 Re8 33. Bg5 Bg7 34. b3 f6 35. Bxf6 Bxf6 36. Rc7 Re7 37. Rxe7 Kxe7 38. Kb4 Bd4 39. Kc4 Bxf2 40. b4 Be3 41. Re1 d2 42. Rxe3+ Kd7 0-1

[Event "Titled Tuesday intern op 04th Jan"]
[Site "Chess.com INT"]
[Date "2022.01.04"]
[Round "7"]
[White "Aggelis, Nikolaos"]
[Black "Kozina, Anastasia"]
[Result "1-0"]
[WhiteElo "2284"]
[BlackElo "2117"]
[PlyCount "83"]
[EventDate "2022.01.04"]
[EventType "swiss (blitz)"]
[EventRounds "11"]
[EventCountry "USA"]
[SourceTitle "EXT 2023"]
[Source "ChessBase"]
[SourceDate "2022.10.05"]
[SourceVersion "1"]
[SourceVersionDate "2022.10.05"]
[SourceQuality "1"]

1. d4 e6 2. g3 Nf6 3. Bg2 d5 4. Nf3 Be7 5. 0-0 0-0 6. c4 dxc4 7. Qc2 a6 8. a4 Bd7 9. Qxc4 Bc6 10. Bf4 a5 11. Re1 Na6 12. Nc3 Nb4 13. Rac1 Qd7 14. Ne5 Qe8 15. Nxc6 Nxc6 16. Bxc6 bxc6 17. Nb1 Nd5 18. Qxc6 Qb8 19. Bxc7 Qxb2 20. Bd6 Bxd6 21. Qxd6 h6 22. Qa3 Qb6 23. Qc5 Qa6 24. Nc3 Rfc8 25. Qa3 Nb4 26. Qb3 Rab8 27. Nb5 Qa8 28. Rc5 Qe4 29. Rec1 Rxc5 30. dxc5 Qxe2 31. c6 Nd3 32. Rf1 Ne5 33. c7 Rc8 34. Qe3 Qb2 35. Rc1 Ng4 36. Qc5 Nxf2 37. Rc2 Ne4 38. Rxb2 Nxc5 39. Rc2 Na6 40. Rc6 Nb4 41. Rd6 Nd5 42. Rd8+ 1-0

[Event "Titled Tuesday intern op 04th Jan"]
[Site "Chess.com INT"]
[Date "2022.01.04"]
[Round "5"]
[White "Kozina, Anastasia"]
[Black "Iskusnyh, Sergei"]
[Result "0-1"]
[WhiteElo "2117"]
[BlackElo "2473"]
[PlyCount "80"]
[EventDate "2022.01.04"]
[EventType "swiss (blitz)"]
[EventRounds "11"]
[EventCountry "USA"]
[SourceTitle "EXT 2023"]
[Source "ChessBase"]
[SourceDate "2022.10.05"]
[SourceVersion "1"]
[SourceVersionDate "2022.10.05"]
[SourceQuality "1"]

1. e4 c5 2. Nf3 Nc6 3. Bb5 g6 4. c3 Nf6 5. e5 Nd5 6. 0-0 Bg7 7. d4 0-0 8. Re1 d6 9. exd6 exd6 10. dxc5 dxc5 11. Bxc6 bxc6 12. Nbd2 Ba6 13. Qa4 Qb6 14. Nb3 Rfe8 15. Bg5 h6 16. Bh4 Bb5 17. Qg4 Kh7 18. Qd7 Qc7 19. Qxe8 Rxe8 20. Rxe8 Nf4 21. Rd1 Be2 22. Re1 Qd7 23. R8xe2 Nxe2+ 24. Rxe2 g5 25. Bg3 Qd1+ 26. Re1 Qc2 27. h3 Qxb2 28. Nxc5 Qxa2 29. Re7 a5 30. Ra7 Qa1+ 31. Kh2 Qxc3 32. Nb7 f5 33. Be5 Bxe5+ 34. Nxe5 Qxe5+ 35. g3 Kg6 36. Rxa5 Qe1 37. Kg2 Qe4+ 38. Kg1 Qb1+ 39. Kg2 Qxb7 40. Ra2 Qb3 0-1

[Event "Titled Tuesday intern op 02nd Nov"]
[Site "Chess.com INT"]
[Date "2021.11.02"]
[Round "9"]
[White "Nefedov, Sergey Anatolievich"]
[Black "Kozina, Anastasia"]
[Result "1-0"]
[WhiteElo "2313"]
[BlackElo "2117"]
[PlyCount "85"]
[EventDate "2021.11.02"]
[EventType "swiss (blitz)"]
[EventRounds "11"]
[EventCountry "USA"]
[SourceTitle "CBM 205 Extra"]
[Source "ChessBase"]
[SourceDate "2022.01.31"]
[SourceVersion "1"]
[SourceVersionDate "2022.01.31"]
[SourceQuality "1"]

1. d4 e6 2. Nf3 Nf6 3. c4 Bb4+ 4. Bd2 c5 5. g3 0-0 6. Bg2 Nc6 7. 0-0 d6 8. Bg5 h6 9. Bf4 Ba5 10. dxc5 dxc5 11. Bd6 Re8 12. Bxc5 Qc7 13. Bd6 Qb6 14. Qc1 e5 15. c5 Qa6 16. Nc3 Bxc3 17. Qxc3 e4 18. Ne5 Qxe2 19. Nxc6 bxc6 20. Rfe1 Qh5 21. f3 Bh3 22. g4 Qh4 23. Bg3 Qg5 24. Bxh3 exf3 25. Qxf3 Qxc5+ 26. Qf2 Qb5 27. b3 Rad8 28. Rxe8+ Rxe8 29. Re1 Rd8 30. Bh4 Rd6 31. Bf1 Qb4 32. h3 Ne4 33. Qe3 Re6 34. Bc4 Re8 35. Qf4 Qc5+ 36. Kg2 Kh8 37. Rxe4 Rxe4 38. Qxe4 Qd6 39. Bf2 f6 40. Qe8+ Kh7 41. Bg8+ Kh8 42. Bf7+ Kh7 43. Qg8# 1-0

[Event "Moscow op-B (Women) 13th"]
[Site "Moscow"]
[Date "2017.02.05"]
[Round "9"]
[White "Kozina, Anastasia"]
[Black "Salah, Nadezhda"]
[Result "1/2-1/2"]
[WhiteElo "2124"]
[BlackElo "1904"]
[PlyCount "131"]
[EventDate "2017.01.28"]
[EventType "swiss"]
[EventRounds "9"]
[EventCountry "RUS"]
[SourceTitle "EXT 2018"]
[Source "ChessBase"]
[SourceDate "2017.10.13"]
[SourceVersion "1"]
[SourceVersionDate "2017.10.13"]
[SourceQuality "1"]

1. e4 e6 2. d4 d5 3. Nd2 a6 4. c3 c5 5. exd5 exd5 6. Ngf3 Nc6 7. dxc5 Bxc5 8. Bd3 Nge7 9. Nb3 Bb6 10. 0-0 0-0 11. Qc2 Ng6 12. h3 Qd6 13. Bf5 Bc7 14. g3 h5 15. h4 Nge5 16. Nbd4 Ng4 17. Bxc8 Raxc8 18. Qf5 Rfe8 19. Bg5 b5 20. a3 Bb6 21. Rad1 Nge5 22. Nxe5 Qxe5 23. Qxe5 Nxe5 24. Kg2 Nc4 25. Bc1 Re4 26. Nc2 Re2 27. Nb4 Rce8 28. Nxd5 Bc5 29. Nf4 Rc2 30. Nd3 Bb6 31. Nb4 Rce2 32. Nxa6 Nxb2 33. Rd5 Nc4 34. Rxb5 Be3 35. Rb8 Rxb8 36. Nxb8 Ra2 37. Nc6 Bxc1 38. Rxc1 Rxa3 39. Rc2 f6 40. Kf3 Nd6 41. Ke3 Ra4 42. Kd3 Rc4 43. Ne7+ Kf7 44. Nf5 Rc6 45. Nd4 Rc4 46. Ra2 Rc7 47. Ra6 Nc4 48. Nb5 Ne5+ 49. Kd4 Rd7+ 50. Rd6 Rb7 51. Kc5 g5 52. hxg5 fxg5 53. Rh6 Nd7+ 54. Kc4 Ne5+ 55. Kb4 Nd3+ 56. Ka5 Kg7 57. Rxh5 Kg6 58. Rh2 Rf7 59. f4 gxf4 60. gxf4 Rxf4 61. Rd2 Ne5 62. Nd6 Kf6 63. Kb5 Ke6 64. c4 Nxc4 65. Nxc4 Re4 66. Kc5 1/2-1/2

[Event "Moscow op-B (Women) 13th"]
[Site "Moscow"]
[Date "2017.01.31"]
[Round "4"]
[White "Yurovskikh, Yasmin"]
[Black "Kozina, Anastasia"]
[Result "0-1"]
[WhiteElo "1892"]
[BlackElo "2124"]
[PlyCount "52"]
[EventDate "2017.01.28"]
[EventType "swiss"]
[EventRounds "9"]
[EventCountry "RUS"]
[SourceTitle "EXT 2018"]
[Source "ChessBase"]
[SourceDate "2017.10.13"]
[SourceVersion "1"]
[SourceVersionDate "2017.10.13"]
[SourceQuality "1"]

1. e4 c5 2. Nf3 d6 3. d4 cxd4 4. Nxd4 Nf6 5. Nc3 a6 6. Be3 e5 7. Nb3 Be7 8. f3 Be6 9. Qd2 0-0 10. 0-0-0 b5 11. g4 Nfd7 12. h4 b4 13. Nd5 Bxd5 14. exd5 Nb6 15. Bxb6 Qxb6 16. h5 a5 17. g5 a4 18. Na1 Nd7 19. Bd3 a3 20. bxa3 Rxa3 21. Rdg1 Rxa2 22. Nb3 Nc5 23. Nxc5 Qxc5 24. Qg2 Qe3+ 25. Kb1 Rfa8 26. Bxh7+ Kf8 0-1

[Event "Moscow op-B (Women) 13th"]
[Site "Moscow"]
[Date "2017.01.30"]
[Round "3"]
[White "Kozina, Anastasia"]
[Black "Girshgorn, Maria"]
[Result "1/2-1/2"]
[WhiteElo "2124"]
[BlackElo "1823"]
[PlyCount "93"]
[EventDate "2017.01.28"]
[EventType "swiss"]
[EventRounds "9"]
[EventCountry "RUS"]
[SourceTitle "EXT 2018"]
[Source "ChessBase"]
[SourceDate "2017.10.13"]
[SourceVersion "1"]
[SourceVersionDate "2017.10.13"]
[SourceQuality "1"]

1. e4 c6 2. d4 d5 3. e5 Bf5 4. Nf3 e6 5. Nc3 Nd7 6. Be3 Ne7 7. Be2 c5 8. Nb5 Nc6 9. c4 a6 10. Nd6+ Bxd6 11. exd6 Qb6 12. dxc5 Qxb2 13. 0-0 dxc4 14. Bxc4 0-0 15. Bd3 Qf6 16. Rb1 Rab8 17. Qc2 Bxd3 18. Qxd3 h6 19. Rfc1 e5 20. Nd2 Qe6 21. Qc4 Qg6 22. f3 Rfc8 23. Ne4 Kf8 24. Rb2 Nd8 25. Qa4 Qe6 26. Rbc2 Rc6 27. Nd2 Qd5 28. Nb3 b5 29. Qe4 Qxe4 30. fxe4 Nb7 31. Bd2 Rbc8 32. Bb4 f6 33. Kf1 Ke8 34. Ke2 a5 35. Nxa5 Nxa5 36. Bxa5 Rxc5 37. Bc7 Rxc2+ 38. Rxc2 Nb6 39. Rb2 Na8 40. Rxb5 Nxc7 41. Rc5 Kd7 42. Rxc7+ Rxc7 43. dxc7 Kxc7 44. g4 Kc6 45. Kd3 Kb5 46. Kc3 Ka4 47. h4 1/2-1/2

[Event "Moscow op-B (Women) 13th"]
[Site "Moscow"]
[Date "2017.01.28"]
[Round "1"]
[White "Kozina, Anastasia"]
[Black "Chekletsova, Darya"]
[Result "1-0"]
[WhiteElo "2124"]
[BlackElo "1723"]
[PlyCount "69"]
[EventDate "2017.01.28"]
[EventType "swiss"]
[EventRounds "9"]
[EventCountry "RUS"]
[SourceTitle "EXT 2018"]
[Source "ChessBase"]
[SourceDate "2017.10.13"]
[SourceVersion "1"]
[SourceVersionDate "2017.10.13"]
[SourceQuality "1"]

1. e4 c6 2. d4 d5 3. e5 Bf5 4. h4 h5 5. Ne2 e6 6. Ng3 Bg6 7. Be2 Be7 8. Nxh5 Bxh5 9. Bxh5 Bxh4 10. g3 g6 11. Bf3 Nd7 12. gxh4 Rxh4 13. Rxh4 Qxh4 14. Be3 c5 15. Nc3 Qh2 16. Qe2 cxd4 17. Bxd4 Qg1+ 18. Qf1 Qg5 19. Be3 Qxe5 20. 0-0-0 Qf5 21. Bg2 Ngf6 22. Kb1 a6 23. Qd3 Qg4 24. Bf1 Ne5 25. Qd4 Qh5 26. Be2 Qf5 27. Qa4+ Kf8 28. Rh1 Kg7 29. Qh4 Nfg4 30. Bg5 f6 31. Qh7+ Kf8 32. Qxb7 Nf7 33. Bxg4 Qxg4 34. Rh7 Qxg5 35. Qxf7# 1-0

[Event "Tatarstan-ch (Women)"]
[Site "Kazan"]
[Date "2016.09.18"]
[Round "3"]
[White "Yarullina, Alina"]
[Black "Kozina, Anastasia"]
[Result "1/2-1/2"]
[WhiteElo "2093"]
[BlackElo "2108"]
[PlyCount "84"]
[EventDate "2016.09.16"]
[EventType "swiss"]
[EventRounds "7"]
[EventCountry "RUS"]
[SourceTitle "CBM 174 Extra"]
[Source "ChessBase"]
[SourceDate "2016.10.10"]
[SourceVersion "1"]
[SourceVersionDate "2016.10.10"]
[SourceQuality "1"]

1. e4 e6 2. d3 d5 3. Nd2 Nf6 4. Ngf3 c5 5. g3 Nc6 6. Bg2 Be7 7. 0-0 0-0 8. e5 Nd7 9. Re1 b5 10. Nf1 a5 11. h4 b4 12. Bg5 Bxg5 13. hxg5 Qc7 14. Qe2 Ba6 15. N1h2 Rfc8 16. Ng4 a4 17. Qe3 Qd8 18. Kh2 Ne7 19. Nh4 Ng6 20. Nxg6 fxg6 21. Bh3 Nf8 22. Qd2 Rab8 23. Reb1 c4 24. Bf1 c3 25. bxc3 bxc3 26. Qf4 Qa5 27. a3 Rb2 28. Rc1 Rc7 29. Qd4 Bc8 30. Ne3 Qa7 31. Qxa7 Rxa7 32. d4 Ba6 33. Kg1 Nd7 34. Nd1 Bxf1 35. Kxf1 Rc7 36. Ke2 Rb6 37. Kd3 Rbc6 38. Rcb1 Nb6 39. Rb4 Nc4 40. Ra2 Nb6 41. Ra1 Nc4 42. Ra2 Nb6 1/2-1/2

[Event "Moscow op-B (Women)"]
[Site "Moscow"]
[Date "2016.02.05"]
[Round "7"]
[White "Shkalikova, Marina"]
[Black "Kozina, Anastasia"]
[Result "1/2-1/2"]
[WhiteElo "1867"]
[BlackElo "1947"]
[PlyCount "69"]
[EventDate "2016.01.30"]
[EventType "swiss"]
[EventRounds "9"]
[EventCountry "RUS"]
[SourceTitle "CBM 170 Extra"]
[Source "ChessBase"]
[SourceDate "2016.02.25"]
[SourceVersion "1"]
[SourceVersionDate "2016.02.25"]
[SourceQuality "1"]

1. d4 e6 2. Bf4 Nf6 3. e3 b6 4. h3 Bb7 5. Nf3 c5 6. c3 Nc6 7. Bd3 Be7 8. Nbd2 0-0 9. 0-0 d6 10. Qe2 cxd4 11. exd4 Re8 12. Rad1 Nb8 13. Ne4 Nxe4 14. Bxe4 Bxe4 15. Qxe4 Nd7 16. Rfe1 Nf6 17. Qd3 Rc8 18. Nd2 d5 19. a4 h6 20. Ra1 Bd6 21. Bxd6 Qxd6 22. Qe2 Red8 23. Qd3 Rc7 24. a5 Rb8 25. axb6 Rxb6 26. b4 Rb8 27. Nb3 Ne4 28. Nc5 Rbc8 29. f3 Ng3 30. Ra6 Qf4 31. Qe3 Qh4 32. Qf2 Qf4 33. Qe3 Qh4 34. Qf2 Qf4 35. Qe3 1/2-1/2

[Event "Moscow op-B (Women)"]
[Site "Moscow"]
[Date "2016.02.01"]
[Round "3"]
[White "Tarasova, Viktoriya"]
[Black "Kozina, Anastasia"]
[Result "1-0"]
[WhiteElo "2226"]
[BlackElo "1947"]
[PlyCount "83"]
[EventDate "2016.01.30"]
[EventType "swiss"]
[EventRounds "9"]
[EventCountry "RUS"]
[SourceTitle "CBM 170 Extra"]
[Source "ChessBase"]
[SourceDate "2016.02.25"]
[SourceVersion "1"]
[SourceVersionDate "2016.02.25"]
[SourceQuality "1"]

1. d4 e6 2. c4 Nf6 3. Nc3 Bb4 4. Qc2 0-0 5. Nf3 Bxc3+ 6. Qxc3 d5 7. Bg5 h6 8. Bf4 Nbd7 9. c5 Ne4 10. Qc2 c6 11. Nd2 Nxd2 12. Bxd2 e5 13. dxe5 Nxe5 14. Bc3 Qe7 15. Bd4 Re8 16. h3 Qg5 17. e3 Bf5 18. Qc3 Be4 19. 0-0-0 Nd7 20. h4 Qg6 21. f3 Bb1 22. h5 Qh7 23. b3 b6 24. Kb2 bxc5 25. Bxc5 Nxc5 26. Qxc5 Bf5 27. g4 Be6 28. Bd3 g6 29. Kc2 Qg7 30. hxg6 fxg6 31. Rh2 Rf8 32. Be2 a5 33. Rdh1 a4 34. b4 h5 35. gxh5 Bf5+ 36. e4 dxe4 37. Bc4+ Rf7 38. hxg6 Bxg6 39. Rh8+ Qxh8 40. Rxh8+ Kxh8 41. Bxf7 exf3+ 42. Bxg6 1-0

[Event "Moscow op-B (Women)"]
[Site "Moscow"]
[Date "2016.01.31"]
[Round "2"]
[White "Kozina, Anastasia"]
[Black "Smirnova, Ekaterina"]
[Result "1-0"]
[WhiteElo "1947"]
[BlackElo "2155"]
[PlyCount "133"]
[EventDate "2016.01.30"]
[EventType "swiss"]
[EventRounds "9"]
[EventCountry "RUS"]
[SourceTitle "CBM 170 Extra"]
[Source "ChessBase"]
[SourceDate "2016.02.25"]
[SourceVersion "1"]
[SourceVersionDate "2016.02.25"]
[SourceQuality "1"]

1. e4 e6 2. d4 d5 3. Nc3 Nf6 4. e5 Nfd7 5. f4 c5 6. Nf3 Nc6 7. Be3 a6 8. Qd2 Qb6 9. Be2 Qa7 10. Nd1 cxd4 11. Nxd4 Nxd4 12. Bxd4 Bc5 13. c3 Nb8 14. Bxc5 Qxc5 15. Nf2 Nc6 16. 0-0 Bd7 17. Kh1 Na5 18. b3 Qc7 19. Rac1 Bb5 20. c4 dxc4 21. Ne4 0-0 22. b4 Nc6 23. Bxc4 Bxc4 24. Rxc4 Qb6 25. a3 Rad8 26. Qe2 Ne7 27. Rc3 Nf5 28. Rh3 Qd4 29. Re1 Kh8 30. Qh5 h6 31. g4 Ne7 32. g5 Nf5 33. gxh6 gxh6 34. Qg5 Qxe4+ 35. Rxe4 Rd1+ 36. Kg2 Rg8 37. Qxg8+ Kxg8 38. Rc4 Rd2+ 39. Kg1 Rd7 40. Kf2 Kg7 41. Ke1 Kg6 42. Rhc3 Kh5 43. h3 b5 44. Rc7 Rd4 45. Rxf7 Rxf4 46. Kd2 Rf2+ 47. Kd3 Rf3+ 48. Kd2 Rf2+ 49. Kc1 Re2 50. Rc5 Nd4 51. Kd1 Rh2 52. Rc3 Rh1+ 53. Kd2 Rh2+ 54. Ke3 Nf5+ 55. Kf4 Rf2+ 56. Rf3 Rc2 57. Rxf5+ exf5 58. Kxf5 Rc8 59. Ke6 Kg6 60. Rg3+ Kh7 61. Kd7 Rc1 62. e6 Rd1+ 63. Ke8 Re1 64. e7 Re2 65. Rd3 Kg7 66. Kd7 Kf7 67. Rf3+ 1-0